000
00252nam a2200097Ia 4500
008
190216s9999||||xx |||||||||||||| ||und||
100
_a
Dr.Ram Shankar
245
0
_a
Hindi-Pranthiraj Binay
260
_b
Sahithya Pravarthaka Sahakarana Sangam
942
_c
BK
999
_c
18150
_d
18150